000 00269nam a2200097Ia 4500
001 1300070
005 20260420095857.0
008 260420s9999 xx 000 0 und d
245 0 _aBİRAZ GEOMETRİ BİRAZ ÖLÇÜLER
_cSİBEL ÇELİK
260 _bTİMAŞ ÇOCUK YAYINLARI
999 _c1300070
_d1300070